000
00214nam a2200097Ia 4500
008
240331s9999 xx 000 0 und d
082
_a
301
_b
LIN
100
_a
Lindesmith,A.R
245
0
_a
Social psychology
942
_c
L
999
_c
1020
_d
1020